Catalog

Record Details

Catalog Search



The escape game / Marissa Meyer and Tamara Moss.

Meyer, Marissa,(author., Author, Author).
Moss, Tamara,(author., Added Author).

Available copies

  • 1 of 3 copies available at LARL/NWRL Consortium.
  • 1 of 2 copies available at Lake Agassiz Regional Library. (Show preferred library)

Current holds

2 current holds with 3 total copies.

Show Only Available Copies
Location Call Number / Copy Notes Barcode Shelving Location Status Due Date
Detroit Lakes Public Library Y MEY (Text) 33500014360119 New Available -
Hawley Public Library Y MEY (Text) 33500014360127 New Checked out 05/27/2026
Hallock Public Library ya MEY (Text) 35500006930810 New Checked out 05/27/2026

Record details

  • ISBN: 9798217006120
  • Physical Description: 403 pages : illustrations ; 22 cm
  • Publisher: New York, NY : Putnam / G.P. Putnam's Sons, an imprint of Penguin Random House LLC, [2026]

Content descriptions

General Note:
Sprayed edges.
Summary, etc.:
After her sister is murdered during season four, ... Read More
Target Audience Note:
Ages 14 years and up G.P. Putnam's Sons.
Subject: Contests > Juvenile fiction.
Escape room games > Juvenile fiction.
Murder > Juvenile fiction.
Television game shows > Juvenile fiction.
Television game shows > Fiction.
Contests > Fiction.
Escape room games > Fiction.
Murder > Fiction.
Mystery and detective stories.
Genre: Detective and mystery fiction.
Thrillers (Fiction)
Young adult fiction.
Novels.
LDR 03883cam a2200721 i 4500
001482529
003LARL_NWRL_CONSORTIUM
00520260409170847.0
008250614s2026 nyua d 000 f eng
010 . ‡a 2025027587
040 . ‡aDLC ‡beng ‡erda ‡cDLC ‡dIG# ‡dBDX ‡dYDX ‡dOCLCO ‡dCHILD ‡dOCLCO ‡dHBP ‡dUIU ‡dZGT ‡dOCLCO ‡dIH9 ‡dYDX
020 . ‡a9798217006120 ‡qhardcover
020 . ‡z9798217006137 ‡qelectronic book
035 . ‡a(OCoLC)1523842768
042 . ‡apcc
08204. ‡a813/.6 ‡a[Fic] ‡223/eng/20250614
1001 . ‡aMeyer, Marissa, ‡eauthor. ‡4aut ‡4http://id.loc.gov/vocabulary/relators/aut ‡1https://id.oclc.org/worldcat/entity/E39PBJgt9xTtV6HPMFMWDTfg8C ‡1http://id.loc.gov/rwo/agents/n2011078235 ‡0(LARL_NWRL_CONSORTIUM)220971
24514. ‡aThe escape game / ‡cMarissa Meyer and Tamara Moss.
264 1. ‡aNew York, NY : ‡bPutnam / G.P. Putnam's Sons, an imprint of Penguin Random House LLC, ‡c[2026]
300 . ‡a403 pages : ‡billustrations ; ‡c22 cm
334 . ‡asingle unit ‡bmono ‡0http://id.loc.gov/vocabulary/issuance/mono
336 . ‡atext ‡btxt ‡2rdacontent ‡0http://id.loc.gov/vocabulary/contentTypes/txt
337 . ‡aunmediated ‡bn ‡2rdamedia ‡0http://id.loc.gov/vocabulary/mediaTypes/n
338 . ‡avolume ‡bnc ‡2rdacarrier ‡0http://id.loc.gov/vocabulary/carriers/nc
385 . ‡aTeenagers ‡2lcdgt ‡0http://id.loc.gov/authorities/demographicTerms/dg2015060011
500 . ‡aSprayed edges.
520 . ‡aAfter her sister is murdered during season four, Sierra Angelos joins season five of a televised escape-room competition, where contestants solve high-stakes puzzles to win, as she searches for the truth before history repeats itself.
521 . ‡aAges 14 years and up ‡bG.P. Putnam's Sons.
650 0. ‡aContests ‡vJuvenile fiction. ‡0(LARL_NWRL_CONSORTIUM)171628
650 0. ‡aEscape room games ‡vJuvenile fiction.
650 0. ‡aMurder ‡vJuvenile fiction. ‡0(LARL_NWRL_CONSORTIUM)173484
650 0. ‡aTelevision game shows ‡vJuvenile fiction.
650 1. ‡aTelevision game shows ‡vFiction.
650 1. ‡aContests ‡vFiction.
650 1. ‡aEscape room games ‡vFiction.
650 1. ‡aMurder ‡vFiction. ‡0(LARL_NWRL_CONSORTIUM)165989
650 1. ‡aMystery and detective stories. ‡0(LARL_NWRL_CONSORTIUM)176113
655 7. ‡aDetective and mystery fiction. ‡2lcgft
655 7. ‡aThrillers (Fiction) ‡2lcgft
655 0. ‡aYoung adult fiction.
655 7. ‡aNovels. ‡2lcgft
7001 . ‡aMoss, Tamara, ‡eauthor. ‡4http://id.loc.gov/vocabulary/relators/aut ‡1https://id.oclc.org/worldcat/entity/E39PCjBG6RHqHfrGkr8CpqD7BP ‡1http://id.loc.gov/rwo/agents/n2018067734
758 . ‡1http://id.loc.gov/resources/instances/24248845
758 . ‡4http://id.loc.gov/ontologies/bibframe/instanceOf ‡1http://id.loc.gov/resources/works/24248845
77608. ‡iOnline version ‡4http://id.loc.gov/entities/relationships/onlineversion ‡aMeyer, Marissa ‡tEscape game ‡dNew York : G.P. Putnam's Sons, 2026 ‡z9798217006137 ‡w(DLC) 2025027588
884 . ‡aDLC bibframe2marc v2.10-dev ‡g20250614 ‡qDLC ‡uhttps://github.com/lcnetdev/bibframe2marc/releases/tag/v2.10-dev
901 . ‡a482529 ‡bOCoLC ‡c482529 ‡tbiblio ‡soclc

Additional Resources